[Event "6th Gibtelecom Masters"]
[Site "Gibraltar ENG"]
[Date "2008.01.31"]
[Round "10"]
[White "Bu Xiangzhi"]
[Black "Ni Hua"]
[Result "1/2-1/2"]
[WhiteElo "2691"]
[BlackElo "2680"]

1.Nf3 c5 2.c4 Nc6 3.d4 cxd4 4.Nxd4 g6 5.e4 Nf6 6.Nc3 d6 7.Be2 Nxd4 8.Qxd4 Bg7
9.Be3 O-O 10.Qd2 Be6 11.Rc1 Qa5 12.f3 Rfc8 13.b3 a6 14.Nd5 Qxd2+ 15.Kxd2 Nxd5
16.cxd5 Bd7 17.Rxc8+ Rxc8 18.Rc1 Rxc1 19.Kxc1 Kf8 20.Kd2 e6 21.Bd3 exd5 22.exd5 Ke7
23.g3 Be5 24.Bg5+ Bf6 25.Be3 Be5 26.Bg5+ Bf6 27.Be3 Be5  1/2-1/2

[Event "TCh-CHN Torch Real Estate Cup"]
[Site "Jiangsu Wuxi CHN"]
[Date "2008.05.20"]
[Round "8"]
[White "Ni Hua"]
[Black "Li Haoyu"]
[Result "1-0"]
[WhiteElo "2704"]
[BlackElo "2328"]

1.e4 e5 2.Nf3 Nf6 3.Nxe5 d6 4.Nf3 Nxe4 5.d4 d5 6.Bd3 Be7 7.O-O Nc6 8.c4 Nb4
9.Be2 O-O 10.a3 Nc6 11.Nc3 Nxc3 12.bxc3 Bf5 13.Re1 Re8 14.Bf4 dxc4 15.Bxc4 Bd6
16.Rxe8+ Qxe8 17.Ng5 Bg6 18.Bxd6 cxd6 19.h4 Qe7 20.Qg4 h6 21.Nh3 Qe4 22.Qg3 Na5
23.Ba2 Qd3 24.Rf1 Qxg3 25.fxg3 Rf8 26.Nf4 Bc2 27.Re1 Bb3 28.Bxb3 Nxb3 29.Re7 Na5
30.Nd5 Rb8 31.Rc7 a6 32.Ne7+ Kf8 33.Nc8 d5 34.Nd6 Rd8 35.Nxf7 Re8 36.Ne5 Nc4
37.Ng6+ Kg8 38.Ne7+ Kf8 39.Ng6+ Kg8 40.Rxb7 Nxa3 41.Ne7+ Kf8 42.Nxd5 Nb5
43.Rb6 Rc8 44.Rxa6 Nxc3 45.Nf4 Ne4 46.Ra7 Rc1+ 47.Kh2 g5 48.Ne6+ Ke8 49.hxg5 hxg5
50.g4 Rd1  1-0

[Event "ch-CHN"]
[Site "Beijing CHN"]
[Date "2008.05.29"]
[Round "1"]
[White "Ni Hua"]
[Black "Ding Liren"]
[Result "1/2-1/2"]
[WhiteElo "2704"]
[BlackElo "2395"]

1.e4 e6 2.d4 d5 3.e5 c5 4.c3 Qb6 5.Nf3 Bd7 6.a3 Bb5 7.Bxb5+ Qxb5 8.a4 Qd7
9.dxc5 Bxc5 10.b4 Bb6 11.O-O Ne7 12.Nbd2 Nbc6 13.Nb3 O-O 14.Qe2 a6 15.Re1 Rfd8
16.Bf4 Qe8 17.Rad1 Rac8 18.a5 Ba7 19.Qd2 Rc7 20.h4 Rdc8 21.Rc1 b6 22.axb6 Bxb6
23.Ra1 Ra8 24.h5 h6 25.Ra2 a5 26.Rea1 Rca7 27.Be3 Qb8 28.Nxa5 Nxa5 29.bxa5 Bxe3
30.Qxe3 Nc6 31.g4 Rxa5 32.Rxa5 Rxa5 33.Rxa5 Nxa5 34.g5 Qb1+ 35.Kg2 Qf5 36.Kg3  1/2-1/2

[Event "ch-CHN"]
[Site "Beijing CHN"]
[Date "2008.06.06"]
[Round "9"]
[White "Ni Hua"]
[Black "Zhang Pengxiang"]
[Result "1-0"]
[WhiteElo "2704"]
[BlackElo "2640"]

1.e4 e5 2.Nf3 d6 3.d4 Nd7 4.Bc4 c6 5.O-O Be7 6.dxe5 dxe5 7.Ng5 Bxg5 8.Qh5 Qe7
9.Qxg5 Qxg5 10.Bxg5 Nc5 11.f3 Be6 12.Nd2 b5 13.Be3 bxc4 14.Bxc5 Nf6 15.b3 Nd7
16.Bd6 O-O-O 17.Nxc4 Bxc4 18.bxc4 Nb6 19.Bxe5 Rd2 20.c5 Nd7 21.Bd6 Rxc2 22.Rf2 Rc4
23.Rb1 Rd8 24.Rd2 f6 25.Rdb2 Nxc5 26.Bxc5 Rxc5 27.Rb8+ Kd7 28.Rd1+  1-0

[Event "TCh-ESP Hon Gp2"]
[Site "Sabadell ESP"]
[Date "2008.09.04"]
[Round "2"]
[White "Brunello,S"]
[Black "Ni Hua"]
[Result "0-1"]
[WhiteElo "2482"]
[BlackElo "2705"]

1.d4 d5 2.c4 c6 3.Nc3 Nf6 4.e3 a6 5.Nf3 b5 6.cxd5 cxd5 7.Bd3 e6 8.O-O Bb7
9.Bd2 Bd6 10.Rc1 O-O 11.a3 Ne4 12.Qe2 Nd7 13.Na2 Nxd2 14.Nxd2 e5 15.dxe5 Nxe5
16.Nf3 Qf6 17.Rfd1 Rfe8 18.Nc3 Rad8 19.Nd4 g6 20.a4 b4 21.Nb1 h5 22.Nd2 h4
23.h3 Bb8 24.N2f3 Nd7 25.Rc2 Rc8 26.Rdc1 Rxc2 27.Qxc2 Bd6 28.Nb3 Ne5 29.Nbd4 Rc8
30.Qxc8+ Bxc8 31.Rxc8+ Kg7 32.Nxe5 Qxe5  0-1

[Event "1st WMSG Blitz Ind"]
[Site "Beijing CHN"]
[Date "2008.10.04"]
[Round "4"]
[White "Ni Hua"]
[Black "Korobov,A"]
[Result "0-1"]
[WhiteElo "2710"]
[BlackElo "2605"]

1.e4 e6 2.d4 d5 3.Nd2 Nf6 4.e5 Nfd7 5.Bd3 c5 6.c3 b6 7.Ne2 Ba6 8.Bxa6 Nxa6
9.Nf4 Nc7 10.O-O Be7 11.Qg4 g6 12.Nf3 c4 13.Nh3 b5 14.Bh6 f5 15.exf6 Nxf6
16.Qf4 Bd6 17.Ne5 Qe7 18.b3 Ne4 19.bxc4 bxc4 20.Rac1 Nb5 21.Qe3 Bxe5 22.dxe5 Qc5
23.Qf3 O-O-O 24.a4 Nc7 25.Be3 Qa5 26.Ng5 Rhf8 27.Qh3 Rf5 28.Nxe4 dxe4 29.Qxh7 g5
30.Bd4 Nd5 31.Rb1 Qc7 32.Rb8+ Kxb8 33.Qh5 Nf4 34.Qd1 Ka8 35.Qb1 Qc6 36.Be3 Ne2+
37.Kh1 Nxc3 38.Qb4 Nd5 39.Qa5 Rd7 40.Bd4 e3 41.f3 Rf8 42.Rc1 Rc8 43.h3 c3
44.Kh2 e2 45.Bf2 c2 46.Qd2 Qc4 47.Bg3 Nb6 48.Qxg5 Rd1 49.h4 Qd3 50.h5 Rxc1
51.Qxc1 Qd1  0-1

[Event "1st WMSG Blitz Ind"]
[Site "Beijing CHN"]
[Date "2008.10.04"]
[Round "9"]
[White "Ni Hua"]
[Black "Kravtsiv,M"]
[Result "0-1"]
[WhiteElo "2710"]
[BlackElo "2549"]

1.e4 e5 2.Nf3 Nc6 3.Bc4 Nf6 4.d3 Be7 5.O-O O-O 6.h3 d5 7.exd5 Nxd5 8.Re1 Nb6
9.Bb5 Nd4 10.Rxe5 Bd6 11.Rh5 Nxb5 12.Rxb5 c5 13.Be3 Qc7 14.Nc3 Bd7 15.Rb3 a6
16.Ne4 Be6 17.Ra3 Be7 18.Qd2 Rfd8 19.Qa5 Rac8 20.Rc3 Nd5 21.Qxc7 Rxc7 22.Ra3 Nxe3
23.fxe3 c4 24.Rc3 Bb4 25.d4 Bxc3 26.Nxc3 b5 27.a3 Rb7 28.e4 f6 29.d5 Bd7
30.Nd4 Re8 31.Kf2 Kf7 32.Kf3 Rb6 33.g4 h5 34.gxh5 Rh8 35.Kg3 Rxh5 36.h4 g5
37.hxg5 Rxg5+ 38.Kf3 Rh5 39.Nce2 Rh3+ 40.Kf4 Rb8 41.Ng3 Rg8 42.Ndf5 Bxf5
43.Nxf5 Rg2 44.Rd1 Ke8 45.e5 fxe5+ 46.Kxe5 Kd7 47.d6 Rxc2 48.Rg1 Re2+ 49.Kd5 Rh5
50.Rg7+ Kd8 51.Rg8+ Kd7 52.Rg7+ Kd8 53.Rg8+ Kd7 54.Rg7+ Ke8 55.d7+ Kd8 56.Kd6 Rd2+
57.Kc6 Rxf5 58.Rg8+ Ke7 59.Re8+ Kf7 60.d8=Q Rxd8 61.Rxd8 Rf2 62.Kb6 Rxb2
63.Kxa6 c3 64.Rc8 c2 65.Kb6 Ke6 66.Ka5 Kd5 67.a4 b4 68.Kb5 b3 69.Rd8+ Ke6
70.Rc8 Rb1 71.Kb4 c1=Q 72.Rxc1 Rxc1 73.Kxb3 Kd5 74.Kb2 Rc8 75.Kb3 Kc5 76.Kc3 Rb8
77.Kd3 Kb4 78.Kd4 Rd8+ 79.Ke5 Kxa4 80.Ke6 Kb5 81.Ke5 Kc6 82.Ke4 Kc5 83.Ke3 Kc4
84.Kf4 Kd5 85.Ke3 Ra8 86.Kf4 Ra7 87.Ke3 Ra4 88.Kd3 Ra3+ 89.Kc2 Kd4 90.Kb2 Rg3
91.Kc1 Rg2 92.Kb1 Kc3 93.Ka1 Kb3 94.Kb1 Rg1+  0-1

[Event "1st WMSG Blitz Ind"]
[Site "Beijing CHN"]
[Date "2008.10.04"]
[Round "10"]
[White "Balogh,C"]
[Black "Ni Hua"]
[Result "1-0"]
[WhiteElo "2616"]
[BlackElo "2710"]

1.e4 e6 2.d4 d5 3.Nd2 c5 4.exd5 Qxd5 5.Ngf3 cxd4 6.Bc4 Qd6 7.Bb3 Nf6 8.Nc4 Qc7
9.O-O a6 10.Qxd4 Bc5 11.Qh4 b5 12.Bf4 Qe7 13.Nce5 O-O 14.Rfe1 Bd6 15.Rad1 Bxe5
16.Bxe5 Re8 17.c3 Bb7 18.Nd4 Nbd7 19.Bg3 Nc5 20.Bc2 Bd5 21.Nf5 Qd8 22.Ne3 Qb6
23.Be5 Ncd7 24.Bd4 Qc6 25.Ng4 e5 26.Nxf6+ gxf6 27.Qxh7+ Kf8 28.Be3 Bxg2 29.Rxd7 Qxd7
30.Bc5+  1-0

[Event "1st WMSG Blitz Ind"]
[Site "Beijing CHN"]
[Date "2008.10.04"]
[Round "11"]
[White "Shabalov,A"]
[Black "Ni Hua"]
[Result "0-1"]
[WhiteElo "2585"]
[BlackElo "2710"]

1.e4 e6 2.d4 d5 3.Nc3 Nf6 4.e5 Nfd7 5.f4 c5 6.Nce2 Nc6 7.c3 cxd4 8.cxd4 f6
9.Nf3 fxe5 10.fxe5 Bb4+ 11.Bd2 O-O 12.Bxb4 Nxb4 13.Qd2 a5 14.Nc3 Nb6 15.Be2 Nc4
16.Bxc4 dxc4 17.O-O Nd3 18.b3 b5 19.Nxb5 Bb7 20.bxc4 Nf4 21.Nd6 Bc6 22.Rae1 Qb6
23.Kh1 Rab8 24.d5 exd5 25.Nd4 Ng6 26.Nxc6 Qxc6 27.cxd5 Qc5 28.Ne4 Qc4 29.Ng3 Nxe5
30.Rxf8+ Rxf8 31.d6 Nd3 32.Rf1 Rd8 33.Qg5 Rd7 34.Qf5 Rd8 35.d7 h6 36.h3 Nc5
37.Nh5 Nxd7 38.Qg6 Qxf1+ 39.Kh2 Qf7 40.Qg4 Nf6  0-1

[Event "1st WMSG Rapid Ind"]
[Site "Beijing CHN"]
[Date "2008.10.05"]
[Round "2"]
[White "Ni Hua"]
[Black "Leon Hoyos,M"]
[Result "1-0"]
[WhiteElo "2710"]
[BlackElo "2535"]

1.e4 c5 2.Nf3 g6 3.c3 Bg7 4.d4 cxd4 5.cxd4 d5 6.e5 Bg4 7.Bb5+ Nc6 8.Bxc6+ bxc6
9.Nbd2 e6 10.h3 Bxf3 11.Nxf3 Qa5+ 12.Bd2 Qb5 13.a4 Qxb2 14.Rb1 Qa2 15.O-O c5
16.Rb7 Ne7 17.Bg5 Nc6 18.Rc7 h6 19.Bf6 Bxf6 20.exf6 Nxd4 21.Re7+ Kf8 22.Nxd4 cxd4
23.Qxd4 Kg8 24.Rc1 Rf8 25.Rxa7 Qe2 26.a5 g5 27.Rcc7 Qe1+ 28.Kh2 h5 29.a6 Rh6
30.Rab7 g4 31.a7 Rg6 32.Rc3 e5 33.Qc5 Rxf6 34.Rb8 d4 35.Qxf8+ Kh7 36.Qh8+ Kg6
37.Rg8+ Kf5 38.Qxh5+  1-0

[Event "1st WMSG Rapid Ind"]
[Site "Beijing CHN"]
[Date "2008.10.06"]
[Round "7"]
[White "Kravtsiv,M"]
[Black "Ni Hua"]
[Result "0-1"]
[WhiteElo "2549"]
[BlackElo "2710"]

1.e4 e6 2.d4 d5 3.Nc3 Nf6 4.e5 Nfd7 5.f4 c5 6.Nf3 Nc6 7.Be3 a6 8.Qd2 cxd4
9.Nxd4 Bc5 10.Nb3 Bb4 11.a3 Be7 12.Bd3 O-O 13.O-O f6 14.Nd4 Nxd4 15.Bxd4 Bc5
16.Qe3 Bxd4 17.Qxd4 Qb6 18.Qxb6 Nxb6 19.Rae1 Bd7 20.f5 exf5 21.Bxf5 Bxf5
22.Rxf5 Rfe8 23.Rd1 fxe5 24.Nxd5 Nc4 25.Nc7 Rf8 26.Rxf8+ Kxf8 27.Ne6+ Kf7
28.Nd8+ Kf6 29.Rd7 b6 30.Nc6 b5 31.b3 Nxa3 32.Rd6+ Kf5 33.Rd2 Ke6 34.Nd8+ Kf6
35.Nc6 a5 36.Kf2 a4 37.Ke3 Nb1 38.Rd6+ Kf5 39.bxa4 bxa4 40.Ne7+ Kg5 41.h4+ Kxh4
42.Re6 a3 43.Rxe5 a2 44.Kd4  0-1

[Event "1st WMSG Blitz Pair"]
[Site "Beijing CHN"]
[Date "2008.10.08"]
[Round "3"]
[White "Paragua,M"]
[Black "Ni Hua"]
[Result "0-1"]
[WhiteElo "2526"]
[BlackElo "2710"]

1.e4 e6 2.d3 c5 3.Nf3 Nc6 4.g3 g6 5.Bg2 Bg7 6.O-O Nge7 7.c3 e5 8.a3 d6 9.b4 O-O
10.Bb2 cxb4 11.axb4 b5 12.Nbd2 Be6 13.d4 exd4 14.Nxd4 Nxd4 15.cxd4  0-1

[Event "1st WMSG Blitz Pair"]
[Site "Beijing CHN"]
[Date "2008.10.08"]
[Round "5"]
[White "Reinderman,D"]
[Black "Ni Hua"]
[Result "0-1"]
[WhiteElo "2543"]
[BlackElo "2710"]

1.f4 d5 2.Nf3 c5 3.g3 Nc6 4.Bg2 Nf6 5.O-O g6 6.d3 Bg7 7.Qe1 d4 8.Na3 O-O
9.Nc4 Be6 10.h3 Bd5 11.e4 dxe3 12.Nxe3 e6 13.Nxd5 Nxd5 14.c3 Re8 15.g4 Qc7
16.Ng5 Rad8 17.Kh1 h6 18.Ne4 b6 19.f5 exf5 20.gxf5 Qe5 21.Qf2 Qxf5  0-1

[Event "1st WMSG Blitz Pair"]
[Site "Beijing CHN"]
[Date "2008.10.08"]
[Round "8"]
[White "Ni Hua"]
[Black "Socko,B"]
[Result "0-1"]
[WhiteElo "2710"]
[BlackElo "2631"]

1.e4 e6 2.d4 d5 3.Nd2 c5 4.Ngf3 Nf6 5.exd5 exd5 6.Bb5+ Bd7 7.Bxd7+ Nbxd7
8.O-O Be7 9.dxc5 Nxc5 10.Re1 O-O 11.Nf1 Nce4 12.Be3 Re8 13.Bd4 a6 14.Ne3 Bf8
15.c3 g6 16.Ne5 Bg7 17.Qf3 Qc7 18.Nxd5 Nxd5 19.Qxe4 Rad8 20.c4 Nb4 21.f4 f6
22.Bc3 Nc6 23.Kh1 fxe5 24.f5 Qf7 25.Rf1 gxf5 26.Rxf5 Qg6 27.Raf1 Nd4 28.Bxd4 exd4
29.Qd3 Rf8 30.c5 Rxf5 31.Rxf5 Qe6 32.Rf1 Kh8 33.Rd1 Qxa2 34.b3 Qf2 35.h3 Rf8
36.Qe4 Qf7 37.b4 Re8 38.Qd3 Qf2 39.Qc4 Re1+ 40.Rxe1 Qxe1+ 41.Kh2 Be5+  0-1

[Event "1st WMSG Rapid Pair"]
[Site "Beijing CHN"]
[Date "2008.10.09"]
[Round "2"]
[White "Paragua,M"]
[Black "Ni Hua"]
[Result "0-1"]
[WhiteElo "2526"]
[BlackElo "2710"]

1.d4 d5 2.Nf3 Nf6 3.c4 c6 4.Qc2 dxc4 5.Qxc4 Bf5 6.g3 e6 7.Bg2 Be7 8.O-O O-O
9.Nc3 Nbd7 10.e3 b5 11.Qe2 b4 12.Na4 Qa5 13.b3 Qb5 14.Qd1 Be4 15.Bb2 Nb6
16.Nc5 Bxc5 17.dxc5 Qxc5 18.Rc1 Qd5 19.Qxd5 cxd5 20.Nd4 a5 21.Rc7 Rfc8 22.Rfc1 Rxc7
23.Rxc7 Bb1 24.Rc1 Bg6 25.Nc6 Kf8 26.Bf1 Ne4 27.f3 Nd2 28.Be2 a4 29.bxa4 Nxa4
30.Be5 Nc3 31.Bxc3 bxc3 32.Rxc3 Rxa2 33.Ne5 Ke7 34.Kf2 Kd6 35.Nxg6 hxg6 36.Rc8 Ke5
37.h4 Kf6 38.Rg8 Nb3 39.Ke1 d4 40.Bc4 Ra3 41.g4 dxe3 42.Bxb3 Rxb3 43.Ke2 Ke5
44.Rxg7 f5 45.gxf5 gxf5 46.h5 Kf4 47.h6 Rb2+ 48.Kd3 Ke5  0-1

[Event "1st WMSG Rapid Pair"]
[Site "Beijing CHN"]
[Date "2008.10.10"]
[Round "6"]
[White "Ni Hua"]
[Black "Ghaem Maghami,E"]
[Result "1/2-1/2"]
[WhiteElo "2710"]
[BlackElo "2599"]

1.e4 c5 2.Nf3 d6 3.d4 cxd4 4.Nxd4 Nf6 5.Nc3 a6 6.Be3 e5 7.Nb3 Be7 8.Qd2 O-O
9.O-O-O b5 10.Kb1 Nbd7 11.Nd5 Nxd5 12.exd5 Bb7 13.c4 bxc4 14.Bxc4 a5 15.a4 Nf6
16.Rc1  1/2-1/2

[Event "1st WMSG Blitz Team"]
[Site "Beijing CHN"]
[Date "2008.10.13"]
[Round "10"]
[White "Ni Hua"]
[Black "Erdos,V"]
[Result "1/2-1/2"]
[WhiteElo "2710"]
[BlackElo "2577"]

1.e4 e6 2.d4 d5 3.Nd2 dxe4 4.Nxe4 Nd7 5.Nf3 Ngf6 6.Bg5 h6 7.Nxf6+ Nxf6 8.Be3 Nd5
9.Bd3 Bd6 10.Bd2 c5 11.dxc5 Bxc5 12.Qe2 Qc7 13.O-O-O a6 14.Qe4 Nf6 15.Qh4 Bd7
16.Rhe1 Bb5 17.Bc3 Be7 18.Qg3 Qxg3 19.hxg3 Bc5 20.Bd4 Bxd4 21.Nxd4 Bxd3 22.Rxd3 O-O-O
23.f3 Rd7 24.Red1 h5 25.c4 Rhd8 26.Kc2 g6 27.b4 e5 28.Ne2 e4 29.Rxd7 Rxd7
30.Rxd7 Kxd7 31.fxe4 Nxe4 32.Kd3 Nd6 33.c5 Nf5 34.a4 Ne7 35.b5 axb5 36.axb5 Ke6
37.Ke4 f5+ 38.Kd4 g5 39.Nc3 f4 40.gxf4 Nf5+ 41.Ke4 g4 42.c6 bxc6 43.bxc6 Nd6+
44.Kd4 h4 45.c7 Kd7 46.Ne4 Nf5+ 47.Ke5 Ne3 48.Nf6+ Kxc7 49.Ke4 h3 50.gxh3 gxh3
51.Nh5 h2 52.Ng3 Ng4 53.Kf3 Nf6  1/2-1/2

[Event "1st WMSG Blitz Team"]
[Site "Beijing CHN"]
[Date "2008.10.13"]
[Round "11"]
[White "Dietmayer Kraeutler,M"]
[Black "Ni Hua"]
[Result "1/2-1/2"]
[WhiteElo "2302"]
[BlackElo "2710"]

1.d4 d5 2.c4 c6 3.Nc3 Nf6 4.Nf3 dxc4 5.a4 Bf5 6.e3 e6 7.Bxc4 Bb4 8.O-O O-O
9.Qe2 Nbd7 10.e4 Bg6 11.Bg5 Qa5 12.e5 Nd5 13.Nxd5 cxd5 14.Bd3 Rac8 15.Bxg6 fxg6
16.Be3 h6 17.Qd3 g5 18.Qg6 Rfe8 19.Rac1 Nf8 20.Qd3 Qa6 21.Qxa6 bxa6 22.Rxc8 Rxc8
23.Rc1 Rxc1+ 24.Bxc1 Kf7 25.Bd2 a5 26.Kf1 Nd7 27.Ke2 Nb8 28.Kd3  1/2-1/2

[Event "1st WMSG Rapid Team"]
[Site "Beijing CHN"]
[Date "2008.10.14"]
[Round "2"]
[White "Ni Hua"]
[Black "Rasmussen,Kar"]
[Result "1/2-1/2"]
[WhiteElo "2710"]
[BlackElo "2466"]

1.e4 c6 2.d4 d5 3.e5 Bf5 4.Nf3 e6 5.Be2 Nd7 6.O-O Ne7 7.Nbd2 c5 8.c4 cxd4
9.Nxd4 Nxe5 10.cxd5 Qxd5 11.N2f3 N5c6 12.Be3 Be4 13.Nb5 Qxd1 14.Rfxd1 Nd5
15.Ng5 Bg6 16.Rxd5 exd5 17.Nc7+ Kd7 18.Nxa8 d4 19.Rd1 Bd6 20.Bxd4 Nxd4 21.Rxd4 Rxa8
22.Bd3 Rc8 23.g3 Bxd3 24.Rxd3 f6 25.Ne4 Rc6 26.Kg2 Ke6 27.Nxd6 Rxd6 28.Re3+ Kd7
29.Re2 Re6 30.Rd2+ Rd6 31.Re2 Re6 32.Rd2+ Rd6  1/2-1/2

[Event "1st WMSG Rapid Team"]
[Site "Beijing CHN"]
[Date "2008.10.16"]
[Round "7"]
[White "Ni Hua"]
[Black "Sandipan,C"]
[Result "0-1"]
[WhiteElo "2710"]
[BlackElo "2579"]

1.e4 e5 2.Nf3 Nf6 3.Nxe5 d6 4.Nf3 Nxe4 5.d4 d5 6.Bd3 Nc6 7.O-O Be7 8.c4 Nb4
9.Be2 O-O 10.a3 Nc6 11.cxd5 Qxd5 12.Nc3 Nxc3 13.bxc3 Bf5 14.Re1 Rfe8 15.Bf4 Rac8
16.Bd3 Qd7 17.Rb1 Bxd3 18.Qxd3 b6 19.Re3 Bf6 20.Rbe1 Ne7 21.c4 c6 22.Be5 Nf5
23.Re4 Nd6 24.R4e2 Be7 25.Bf4 f6 26.d5 Bf8 27.Nd4 cxd5 28.cxd5 Rxe2 29.Qxe2 Re8
30.Qd1 Qa4 31.Ne6 Qxa3 32.h3 Qb4 33.Re3 Nf7 34.Rg3 Qe4 35.Re3 Qc4 36.Rg3 Qe4
37.Re3 Qc4 38.Rg3 f5 39.Qd2 g6 40.h4 Nd6 41.Bxd6 Bxd6 42.Rc3 Qxh4 43.Rh3 Qf6
44.Qc1 Qe5 45.g3 Qxd5 46.Qh6 Qxe6 47.Qxh7+ Kf8 48.Qxa7 Qe7 49.Qxb6 Kg7 50.Qd4+ Be5
51.Qd5 Bf6 52.Kh2 Qe2 53.Qc5 Qe7 54.Qc1 Rh8 55.Rxh8 Kxh8 56.Kg2 Kg7 57.Kg1 g5
58.Qc2 Kg6 59.Qa2 Qf7 60.Qc2 g4 61.Qc8 Bd4 62.Qc6+ Qf6 63.Qe8+ Kg7 64.Qd7+ Kh6
65.Qc8 Kg5 66.Qg8+ Qg7 67.Qd8+ Bf6 68.Qa8 Qf7 69.Qc8 Kg6 70.Qa8 Kg7 71.Qc8 Be5
72.Qc5 Qc7 73.Qd5 Kf6 74.Kg2 Qe7 75.Qc6+ Qe6 76.Qa8 Kg7 77.Qb7+ Kg6 78.Qa8 Bg7
79.Qd8 Qe4+ 80.Kg1 Bd4 81.Qg8+ Kf6 82.Qf8+ Ke6 83.Qe8+ Kd5 84.Qb5+ Bc5 85.Qb3+ Qc4
86.Qb7+ Kd4 87.Qb2+ Qc3 88.Qb1 Ke5 89.Qd1 Qxg3+  0-1

[Event "TCh-CHN Torch Real Estate Cup"]
[Site "Jiangsu Wuxi CHN"]
[Date "2008.10.21"]
[Round "9"]
[White "Li Chao2"]
[Black "Ni Hua"]
[Result "0-1"]
[WhiteElo "2582"]
[BlackElo "2704"]

1.e4 e6 2.d4 d5 3.Nc3 Nf6 4.e5 Nfd7 5.f4 c5 6.Nf3 Nc6 7.Be3 Be7 8.Qd2 O-O
9.dxc5 Bxc5 10.O-O-O Qa5 11.Bxc5 Nxc5 12.h4 Bd7 13.h5 b5 14.h6 g6 15.Nxd5 exd5
16.Qxa5 Nxa5 17.b4 Ne4 18.bxa5 Nf2 19.Be2 Bg4 20.Rhf1 Nxd1 21.Rxd1 Rfd8 22.Rd4 a6
23.Bd3 Bxf3 24.gxf3 f6 25.a4 Kf7 26.Rb4 Rdb8 27.f5 gxf5  0-1

[Event "TCh-CHN Torch Real Estate Cup"]
[Site "Jiangsu Wuxi CHN"]
[Date "2008.10.29"]
[Round "11"]
[White "Wang Chen"]
[Black "Ni Hua"]
[Result "1/2-1/2"]
[WhiteElo "2387"]
[BlackElo "2704"]

1.e4 e5 2.Nf3 Nc6 3.Nc3 Nf6 4.d4 exd4 5.Nxd4 Bb4 6.Nxc6 bxc6 7.Bd3 d6 8.O-O Ng4
9.Qf3 Qh4 10.Bf4 Qf6 11.Be2 g5 12.Bd2 Qxf3 13.Bxf3 f6 14.Bxg4 Bxg4 15.Nd5 cxd5
16.Bxb4 d4 17.f3 Be6 18.Rfd1 c5 19.Be1 Rb8 20.c3 Rxb2 21.cxd4 Ke7 22.Bf2 c4
23.d5 Bd7 24.Bd4 Rb4 25.Rdb1 Rhb8 26.Rxb4 Rxb4 27.Bxa7 c3 28.Rc1 Rc4 29.Be3 g4
30.Kf2 f5 31.exf5 Bxf5 32.a4 gxf3 33.gxf3 c2 34.Ra1 Rb4 35.a5 Rb1 36.Ra3 c1=Q
37.Bxc1 Rxc1 38.a6 Rc8 39.Ke3 Ra8 40.a7 Kd7 41.Kf4 Bg6 42.Kg5 Bf7 43.Kh6 Bxd5
44.Kxh7 Kc6 45.Kg6 Kb6 46.Kf6 Bc4 47.h4 Ba6 48.Ke6 Rxa7 49.Kxd6 Kb5 50.f4 Rh7
51.f5 Bc8 52.f6 Kc4 53.Ra4+ Kd3 54.Rf4 Rf7 55.h5 Ke3 56.Ke5 Rh7 57.f7 Rxh5+
58.Kd6 Rh8 59.f8=Q Rxf8 60.Rxf8  1/2-1/2

[Event "38th Olympiad"]
[Site "Dresden GER"]
[Date "2008.11.22"]
[Round "9"]
[White "Fressinet,L"]
[Black "Ni Hua"]
[Result "0-1"]
[WhiteElo "2676"]
[BlackElo "2710"]

1.e4 e5 2.Nf3 Nc6 3.Bb5 Nf6 4.d3 Bc5 5.c3 O-O 6.O-O d6 7.Nbd2 Bb6 8.Nc4 Ne7
9.Ba4 Ng6 10.h3 c6 11.Nxb6 axb6 12.Re1 Nh5 13.d4 Qc7 14.Bb3 Nhf4 15.Be3 c5
16.Qd2 b5 17.Red1 Ra6 18.Kh2 c4 19.Bc2 f5 20.exf5 Bxf5 21.dxe5 Nd3 22.e6 Bxe6
23.Bxd3 cxd3 24.Nd4 d5+ 25.Kh1 Bxh3 26.gxh3 Qd7 27.f3 Ne5 28.Bf4 Nc6 29.Qh2 Nxd4
30.cxd4 Rxf4 31.Rxd3 Raf6 32.Rf1 Qf5 33.Re3 h6 34.Re8+ Kh7 35.Re5 Qd3 36.Qe2 Qxe2
37.Rxe2 Rxf3 38.Rxf3 Rxf3 39.Kg2 Rd3 40.Re7 Rxd4 41.b3 Kg6 42.Rxb7 b4 43.Kg3 h5
44.h4 Kf6 45.Rb8 Rg4+  0-1

[Event "16th TCh-RUS Premier"]
[Site "Dagomys RUS"]
[Date "2009.04.06"]
[Round "3"]
[White "Deviatkin,A"]
[Black "Ni Hua"]
[Result "1-0"]
[WhiteElo "2566"]
[BlackElo "2724"]

1.d4 Nf6 2.Nf3 e6 3.c4 b6 4.a3 Ba6 5.Nbd2 Bb7 6.Qc2 c5 7.dxc5 bxc5 8.e4 Nc6
9.e5 Ng4 10.Qe4 Nh6 11.Bd3 Qc7 12.O-O Nb4 13.Qe2 Nxd3 14.Qxd3 Ng4 15.Qe2 f6
16.Re1 Qc6 17.Ne4 fxe5 18.Bg5 h6 19.Bh4 d5 20.cxd5 exd5 21.Nxe5 Nxe5 22.Qh5+ Kd7
23.Qxe5 d4 24.Nxc5+ Bxc5 25.Qxg7+ Kc8 26.Qxh8+ Kc7 27.Qg7+ Kb6 28.b4  1-0

[Event "16th TCh-RUS Premier"]
[Site "Dagomys RUS"]
[Date "2009.04.09"]
[Round "6"]
[White "Caruana,F"]
[Black "Ni Hua"]
[Result "1-0"]
[WhiteElo "2649"]
[BlackElo "2724"]

1.Nf3 d5 2.d4 Nf6 3.c4 c6 4.Nc3 dxc4 5.a4 Bf5 6.Ne5 Nbd7 7.Nxc4 Qc7 8.g3 e5
9.dxe5 Nxe5 10.Bf4 Nfd7 11.Bg2 g5 12.Ne3 gxf4 13.Nxf5 O-O-O 14.Qc2 Ng6 15.O-O Kb8
16.Rfc1 a5 17.b4 Bxb4 18.Nd5 Qe5 19.Nxb4 axb4 20.Rab1 Qa5 21.Nd6 Nde5 22.Nc4 Nxc4
23.Qxc4 fxg3 24.hxg3 Ne5 25.Qf4 Rhg8 26.Rxb4 Rg4 27.Rb5 Rxf4 28.Rxa5 Rf5
29.Rac5 Rg5 30.f4 Rxg3 31.Rxe5 Rdg8 32.Rg5 R8xg5 33.fxg5 Rxg5 34.Rf1 f5 35.Rf4 Kc7
36.Kf2 Kd6 37.Rd4+ Ke6 38.Bf3 Rg7 39.a5 Rg8 40.Rb4 Rg7 41.Rc4 Rd7 42.Ke3 Ke5
43.Rc5+ Kf6 44.a6 bxa6 45.Rxc6+ Kg5 46.Rxa6 Re7+ 47.Kf2 Rd7 48.Rb6 Rd8 49.Rb7 h6
50.Kg3 Rc8 51.Rb5 Kg6 52.Rxf5  1-0

[Event "Canadian Open"]
[Site "Edmonton CAN"]
[Date "2009.07.14"]
[Round "4"]
[White "Ni Hua"]
[Black "Gerzhoy,L"]
[Result "1-0"]
[WhiteElo "2701"]
[BlackElo "2409"]

1.e4 c6 2.d4 d5 3.Nd2 dxe4 4.Nxe4 Bf5 5.Ng3 Bg6 6.h4 h6 7.Nf3 Nd7 8.h5 Bh7
9.Bd3 Bxd3 10.Qxd3 e6 11.Bd2 Ngf6 12.O-O-O Qc7 13.Ne4 O-O-O 14.g3 Nxe4 15.Qxe4 Bd6
16.Kb1 Rhe8 17.Qe2 e5 18.Rhe1 e4 19.Nh4 Nf6 20.Nf5 Bf8 21.Bf4 Qd7 22.Ne3 Nd5
23.Nxd5 Qxd5 24.c4 Qf5 25.Be3 Qf3 26.g4 Qxe2 27.Rxe2 Rd7 28.Kc2 f5 29.gxf5 Rf7
30.d5 Rxf5 31.dxc6 bxc6 32.Red2 Bc5 33.Rd7 Re7 34.Rd8+ Kc7 35.Ra8 Bxe3 36.fxe3 Kb7
37.Rdd8 Rxh5 38.b4 Rh2+ 39.Kb3 Re2 40.Rdb8+ Ka6 41.a3 c5 42.Ka4 cxb4 43.c5 Rb7
44.c6 Rf7 45.axb4 Ra2+ 46.Kb3 Ra1 47.b5+ Ka5 48.Rb7 Rb1+ 49.Kc3 Rc1+ 50.Kb3 Rb1+
51.Kc3 Rc1+ 52.Kd4 Rf5 53.Rbxa7+ Kb4 54.Ra4+ Kb3 55.Ra3+ Kb2 56.Ra2+ Kb3
57.R8a3+ Kb4 58.Ra4+ Kb3 59.R2a3+ Kb2 60.Rc4 Rd1+ 61.Kxe4 Rg5 62.Raa4 Rd8
63.c7 Re8+ 64.Kd4 Kb3 65.b6 Rb5 66.Rcb4+ Rxb4+ 67.Rxb4+ Kxb4 68.b7  1-0

[Event "Canadian Open"]
[Site "Edmonton CAN"]
[Date "2009.07.15"]
[Round "5"]
[White "Mikhalevski,V"]
[Black "Ni Hua"]
[Result "1/2-1/2"]
[WhiteElo "2631"]
[BlackElo "2701"]

1.d4 d5 2.c4 c6 3.Nf3 Nf6 4.Nc3 dxc4 5.a4 Bf5 6.Ne5 Nbd7 7.Nxc4 Qc7 8.g3 e5
9.dxe5 Nxe5 10.Bf4 Nfd7 11.Bg2 g5 12.Ne3 gxf4 13.Nxf5 O-O-O 14.Qc2 Nc5 15.O-O fxg3
16.hxg3 a5 17.Rfd1 h5 18.Rxd8+ Qxd8 19.Rd1 Qf6 20.Bh3 Kb8 21.Qd2 h4 22.g4 Be7
23.Qe3 Re8 24.Kh1 Ng6 25.f4 Qe6 26.Qxe6 fxe6 27.Ng7 Rd8 28.e3 e5 29.Rxd8+ Bxd8
30.Nh5 exf4 31.exf4 Nd3 32.f5 Ngf4 33.Bf1 Nf2+ 34.Kg1 Nxh5 35.Kxf2 Ng3 36.Bd3 Kc7
37.Kf3 Bg5 38.Nd1 Kd6  1/2-1/2

[Event "Canadian Open"]
[Site "Edmonton CAN"]
[Date "2009.07.16"]
[Round "6"]
[White "Ni Hua"]
[Black "Bluvshtein,M"]
[Result "1/2-1/2"]
[WhiteElo "2701"]
[BlackElo "2558"]

1.e4 c5 2.Nf3 d6 3.d4 cxd4 4.Qxd4 Nc6 5.Bb5 Bd7 6.Bxc6 Bxc6 7.c4 f5 8.exf5 Qa5+
9.Nbd2 Qxf5 10.O-O e5 11.Qe3 Be7 12.c5 O-O-O 13.cxd6 Bxd6 14.Nc4 Bxf3 15.Qxf3 Qxf3
16.gxf3 Bc7 17.Be3 Kb8 18.Rfd1  1/2-1/2

[Event "XXIV Rapid"]
[Site "Villarrobledo ESP"]
[Date "2009.07.25"]
[Round "3"]
[White "Rusev,K"]
[Black "Ni Hua"]
[Result "0-1"]
[WhiteElo "2543"]
[BlackElo "2701"]

1.d4 d5 2.Nf3 Nf6 3.c4 c6 4.cxd5 cxd5 5.Nc3 Nc6 6.Bf4 Bf5 7.e3 e6 8.Qb3 Bb4
9.Bb5 O-O 10.O-O Bxc3 11.Qxc3 Rc8 12.Rfc1 Ne4 13.Qa3 g5 14.Bg3 f6 15.Bxc6 bxc6
16.Qxa7 h5 17.h4 g4 18.Nh2 Nxg3 19.fxg3 Qd6 20.Nf1 Ra8 21.Qc5 Qxc5 22.Rxc5 Rfb8
23.Rxc6 Rxb2 24.e4 Bxe4 25.Ne3 Raxa2 26.Rac1 Kf7 27.Rc8 Rb1 28.Rc7+ Kg6 29.Rxb1 Bxb1
30.Rc6 Bf5 31.Rc8 Re2 32.Nxf5 Kxf5 33.Rh8 Kg6 34.Rg8+ Kf7 35.Rh8 Rd2 36.Rxh5 Kg7  0-1

[Event "XXIV Rapid"]
[Site "Villarrobledo ESP"]
[Date "2009.07.25"]
[Round "4"]
[White "Ni Hua"]
[Black "Guliyev,N"]
[Result "1-0"]
[WhiteElo "2701"]
[BlackElo "2555"]

1.e4 e5 2.Nf3 Nf6 3.Nxe5 d6 4.Nf3 Nxe4 5.d4 d5 6.Bd3 Be7 7.O-O Nc6 8.c4 Nb4
9.Be2 O-O 10.a3 Nc6 11.cxd5 Qxd5 12.Nc3 Nxc3 13.bxc3 Bf5 14.Re1 Rfe8 15.Bf4 Rac8
16.Bd3 Qd7 17.Rb1 Bxd3 18.Qxd3 b6 19.Re3 Bf6 20.Rbe1 Na5 21.Qf5 Qa4 22.Bg5 Nc4
23.Rxe8+ Rxe8 24.Rxe8+ Qxe8 25.Bxf6 gxf6 26.Qxf6 Qe6 27.Qd8+ Kg7 28.Qxc7 a5
29.a4 Nb2 30.h4 Nxa4 31.c4 Nc3 32.d5 Qe4 33.d6 Ne2+ 34.Kh1 Qf4 35.Qc6 Nd4
36.Nxd4 Qxd4 37.d7 Qxh4+ 38.Kg1 Qe7 39.Qc7  1-0

[Event "XXIV Rapid"]
[Site "Villarrobledo ESP"]
[Date "2009.07.25"]
[Round "5"]
[White "Naiditsch,A"]
[Black "Ni Hua"]
[Result "1-0"]
[WhiteElo "2697"]
[BlackElo "2701"]

1.e4 c5 2.Nf3 Nc6 3.Bb5 Nf6 4.Nc3 Qc7 5.O-O Nd4 6.Re1 a6 7.Bf1 Ng4 8.g3 Nxf3+
9.Qxf3 Ne5 10.Qd1 e6 11.Bg2 Be7 12.a4 b6 13.d3 Bb7 14.f4 Nc6 15.Be3 O-O 16.Qd2 Rad8
17.Rad1 Nb4 18.f5 d5 19.fxe6 fxe6 20.exd5 exd5 21.Bf4 Qd7 22.Rxe7 Qxe7 23.Bg5 Qe5
24.Bxd8 Rxd8 25.Re1 Qd4+ 26.Kh1 Rf8 27.Re7 Bc6 28.Qe2 Kh8 29.h4 h6 30.Nd1 Bxa4
31.b3 Bxb3 32.cxb3 Nxd3 33.Kh2 c4 34.Re8 Rxe8 35.Qxe8+ Kh7 36.bxc4 Ne5 37.cxd5 Ng4+
38.Kh3 Nf6 39.Qe2 b5 40.Nf2 Kg8 41.Ng4 b4 42.Qe6+ Kf8 43.Ne5  1-0